00355nam a2200121Ia 4500008004100000082001100041245004700052250000600099260002600105300000800131630004700139730004700186090124s9999 xx 000 0 und d b207434 aTHE MESSAGE OF THE BRHADARANYAKA UPANISAD  a1 bRANGANATHANANDAc2005 a740 aTHE MESSAGE OF THE BRHADARANYAKA UPANISAD  aTHE MESSAGE OF THE BRHADARANYAKA UPANISAD